000 00803nam a2200217 u 4500
005 20241114063737.0
008 181121s2017 mx r 000 0 spa d
020 _a9786078510504
035 _aUPN01000227998
049 _aCG
050 4 _aHQ792 M6
_bP4.7
245 0 0 _aPercepciones sobre la confianza, la seguridad y la justicia en la consulta infantil y juvenil 2015 /
_cMónica González Contró ... [et al.].
260 _aMéxico :
_bINE,
_c2017.
300 _a172 p. :
_bil., gráfs., cuadros
650 4 _aNiños
_zMéxico
_xCondiciones sociales
_915783
650 4 _aNIÑOS -
_xCONDICIONES SOCIALES -
_vINFORMES
_917540
650 4 _aNIÑOS -
_xBENEFICENCIA, PROTECCION, ETC. -
_zMEXICO
_919676
700 1 _aGonzález Contró, Mónica,
_ecoaut.
_938773
905 _aLibro
999 _c200093
_d200093